| 000 | 00892nam a2200229Ia 4500 | ||
|---|---|---|---|
| 003 | OSt | ||
| 005 | 20210521122916.0 | ||
| 008 | 210310s1964 mx gr 000 0 s d | ||
| 040 |
_aCO-JMCR _cCO-JMCR |
||
| 041 | 0 | _aspa | |
| 082 | 0 | 4 |
_a332.82 / _bU119t _223 |
| 100 | 1 |
_aU Tun Wai, _915746 _eautor |
|
| 245 | 1 | 0 |
_aTasa de interés en los países subdesarrollados / _cU Tun Wai |
| 260 |
_aMéxico : _bCentro de Estudios Monetarios Latinoamericanos, _c1964 |
||
| 300 |
_a168 páginas ; _c22 cm. |
||
| 490 | 0 | _aEstudios | |
| 500 | _aIncluye notas a pie de página. | ||
| 505 | 0 | _aLas tasas de interés en los mercados de dinero organizados de los países en desarrollo -- Las tasas de interés fuera de los mercados de dinero organizados de países subdesarrollados | |
| 650 | 1 | 4 |
_aTasas de interés _915748 |
| 651 | 4 |
_aPaíses en desarrollo _xAspectos económicos _937759 |
|
| 942 |
_2ddc _cBK |
||
| 999 |
_c7893 _d7893 |
||